(Record no. 1933)
[ view plain ]
| 000 -LEADER | |
|---|---|
| fixed length control field | 00337nam a2200121Ia 4500 |
| 008 - FIXED-LENGTH DATA ELEMENTS--GENERAL INFORMATION | |
| fixed length control field | 151015s9999 xx 000 0 und d |
| 020 ## - INTERNATIONAL STANDARD BOOK NUMBER | |
| International Standard Book Number | 996634084 |
| 250 ## - EDITION STATEMENT | |
| Edition statement | _Macmillan Secondary School Atlas |
| 300 ## - PHYSICAL DESCRIPTION | |
| Extent | Nairobi : Macmillan, 2005 |
| 500 ## - GENERAL NOTE | |
| General note | Includes index |
| 650 ## - SUBJECT ADDED ENTRY--TOPICAL TERM | |
| Topical term or geographic name as entry element | _Secondary Atlas |
| 700 ## - ADDED ENTRY--PERSONAL NAME | |
| Personal name | ^d20110511 01:48:11^okilerai |
No items available.